University Home | Library Home | Institutional Repository

The psychology of learning. (Record no. 8408)

MARC details
000 -LEADER
fixed length control field 00584cam5a220021700 4500
001 - CONTROL NUMBER
control field zam00002833
008 - FIXED-LENGTH DATA ELEMENTS--GENERAL INFORMATION
fixed length control field 951128s1980 xx eng u
035 ## - SYSTEM CONTROL NUMBER
System control number (Sirsi) r20172
035 ## - SYSTEM CONTROL NUMBER
System control number (MACHINE)SLC.
100 ## - MAIN ENTRY--PERSONAL NAME
Personal name Hulse, S. H.
Linkage A81421.1
245 14 - TITLE STATEMENT
Title The psychology of learning.
260 ## - PUBLICATION, DISTRIBUTION, ETC.
Date of publication, distribution, etc. 1980.
591 ## -
-- Class code: PS 100.
591 ## -
-- Course: Introduction to psychology.
591 ## -
-- School: S05.
591 ## -
-- Lecturer: Mr. KASESE, C.M.
591 ## -
-- Number of Students: 12.
949 ## - LOCAL PROCESSING INFORMATION (OCLC)
a BF318
w lcc
m MAIN
t BOOK
l ON-SHELF
909 ## -
-- Book
Holdings
Withdrawn status Lost status Source of classification or shelving scheme Damaged status Not for loan Home library Current library Shelving location Total Checkouts Full call number Barcode Date last seen Copy number Price effective from Koha item type
    Library of Congress Classification     Main Library Main Library Academic reserves/Short loan   BF318 33729000772298 08/12/2019 2 08/12/2019 Short Loan material
© 2026 - The University of Zambia Library - Koha v25.11